| 000 | 00727nam a2200229 a 4500 | ||
|---|---|---|---|
| 001 | 50897 | ||
| 003 | BD-RjUL | ||
| 005 | 20250114122634.0 | ||
| 008 | 160829s1954 nyua b 000 0 eng | ||
| 035 | _a(BD-RjUL)50897 | ||
| 040 |
_aDLC _cOCX _dOCoLC _dDLC _dBD-RjUL _beng |
||
| 041 | _aeng | ||
| 082 |
_223 _a337.0973 _bBRI 1954 |
||
| 100 | 1 |
_aBrainard, Harry Gray, _d1907- _9152351 |
|
| 245 | 1 | 0 |
_aInternational economics and public policy / _cHarry Gray Brainard |
| 260 |
_aNew York : _bHolt, _c[1954] |
||
| 300 |
_a706 p. : _bill. ; _c25 cm. |
||
| 504 | _aIncludes bibliography. | ||
| 650 | 0 |
_aInternational economic relations. _9152352 |
|
| 651 | 0 |
_aUnited States _xForeign economic relations. _9152353 |
|
| 942 |
_2ddc _cBK |
||
| 999 |
_c50897 _d50897 |
||